Pays de A-Z - Statistiques

Statistiques générales
  • Ce quiz a été pris 304 fois
  • Le résultat moyen est 18 sur 25
Statistiques - réponses
Lettre Star Pays % Correct
F Kylian Mbappé France
99%
B Neymar Brésil
97%
C Kim Jong Un Corée du Nord
96%
I Giacomo Gianniotti Italie
95%
D Niels Bohr Danemark
92%
E Antonio Banderas Espagne
91%
G Aristote Grèce
89%
J Satoru Iwata Japon
89%
R Vladimir Poutine Russie
89%
H Attila Hongrie
87%
U Volodymyr Zelensky Ukraine
87%
Z Charlene Wittstock Zimbabwe
73%
N Edvard Grieg Norvège
70%
P Lio Portugal
70%
Y Mukesh Ambani Yémen
70%
M Guillermo del Toro Mexique
67%
A Heidi Klum Allemagne
66%
K Christopher Froome Kenya
60%
T Dany Brillant Tunisie
55%
S Khaby Lame Sénégal
49%
O Isla Fisher Oman
47%
L Keanu Reeves Liban
44%
W (Anglais) Luke Evans Wales
44%
V Chantal Goya Vietnam
38%
Q Rachid Badouri Québec
29%
Aucun quiz correspondant
Distribution des résultats
% des personnes avec chaque résultat
Percentile par nombre de réponses
Votre historique - résultats
Vous n’avez pas pris ce quiz